Chemicky podporované in situ sanační technologie

Gespeichert in:
Bibliographische Detailangaben
1. Verfasser: Černík, Miroslav 1964-
Format: Buch
Sprache:Tschechisch
Veröffentlicht: Praha Vydavatelství VŠCHT Praha 2010
Ausgabe:1. vyd.
Schlagworte:
Online-Zugang:Im OPAC anzeigen
Tags: Tag hinzufügen
Keine Tags, Fügen Sie das erste Tag hinzu!

MARC

LEADER 00000nam a2200000 a 4500
005 20260127133956.0
008 170919 2010 xr a 001 0 cze d
020 |a 9788070807675 
035 |a vtls011711198 
039 9 |a 201709191227  |b mschk03  |c 201709191226  |d mschk03  |y 201709191225  |z mschk03 
040 |a STUSCHK1  |b slo  |c STUSCHK1  |e AACR2 
080 |a 502.174 
080 |a 502.175 
080 |a 504 
100 1 |a Černík, Miroslav  |d 1964- 
245 1 |a Chemicky podporované in situ sanační technologie  |c Miroslav Černík a kolektiv 
250 |a 1. vyd. 
260 |a Praha  |b Vydavatelství VŠCHT Praha  |c 2010 
300 |a 348 s.  |b il.  |c 24,5 cm 
500 |a "Tento text vychází z poznatků z výzkumu podpořeného především z prostředků výzkumného centra 1M0554 "Pokročilé sanační technologie a procesy" financovaného MŠMT."--Rub. tit. s. 
504 |a Obsahuje bibliografiu a register 
650 0 |a sanace  |x bi  |2 psh 
650 0 |a sanace znečištění vody  |x bi  |2 psh 
650 0 |a ochrana životního prostředí  |x bi  |2 psh 
650 0 |a znečištění životního prostředí  |x bi  |2 psh 
655 4 |a monografia 
910 |a SCHK95 
919 |a 978-80-7080-767-5 
999 |c 1306  |d 1306